SIMPLE TEACHINGS ON HIGHER TRUTHS (Record no. 5167)
[ view plain ]
| 000 -LEADER | |
|---|---|
| fixed length control field | 00501nam a22001457a 4500 |
| 020 ## - INTERNATIONAL STANDARD BOOK NUMBER | |
| ISBN | 978-974-660-998-2 |
| 082 ## - DEWEY DECIMAL CLASSIFICATION NUMBER | |
| Classification number | 200 |
| Item number | ANA/S |
| 100 ## - MAIN ENTRY--AUTHOR NAME | |
| Personal name | ANAN, AJAHN |
| 245 ## - TITLE STATEMENT | |
| Title | SIMPLE TEACHINGS ON HIGHER TRUTHS |
| 260 ## - PUBLICATION, DISTRIBUTION, ETC. (IMPRINT) | |
| Place of publication | THAILAND |
| Name of publisher | WAT MARP JAN |
| Year of publication | 2009 |
| 300 ## - PHYSICAL DESCRIPTION | |
| Number of Pages | 166 |
| 520 ## - SUMMARY, ETC. | |
| Summary, etc | THE THING THAT CAN MAKE THE WORLD PERFECT IS THIS PATH OF PRACTICE. WHEN WE APPLY MINDFULNESS AND WISDOM TO OUR PROBLEMS, THIS IS THE WAY TO PEACE AND THE END OF SUFFERING. |
| 650 ## - SUBJECT ADDED ENTRY--TOPICAL TERM | |
| Topical Term | RELIGIOUS |
| Geographic subdivision | THAILAND |
| 942 ## - ADDED ENTRY ELEMENTS (KOHA) | |
| Koha item type | Books |
| Withdrawn status | Lost status | Collection code | Home library | Current library | Shelving location | Date acquired | Source of acquisition | Full call number | Accession Number | Koha item type |
|---|---|---|---|---|---|---|---|---|---|---|
| Non-fiction | Main Library | Main Library | SHELF 15 C-RELIGIOUS | 14/07/2016 | purchase | 200 ANA/S | 04329 | Books | ||
| Non-fiction | Main Library | Main Library | SHELF 15 C-RELIGIOUS | 14/07/2016 | purchase | 200 ANA/S | 04339 | Books | ||
| Non-fiction | Main Library | Main Library | SHELF 15 C-RELIGIOUS | 14/07/2016 | purchase | 200 ANA/S | 04338 | Books |